000 00432nam a2200181Ia 4500
001 4789
005 20260306145821.0
008 260306t2006||||xx |||||||||||||| ||spa||
041 _aESP
082 _a330.1
_bK48
100 _aKeyner, John Maynard
_eAUT
245 0 _aTeoría general de la ocupación, el interés y el dinero
260 _c2006
300 _a
_c
650 _aGEN
654 _aCAN
942 _cLIB
_dJUS
_fJUS
_2ddc
_n
999 _c4789
_d4789